La science politique et ses méthodes (notice n° 1925515)

détails MARC
000 -LEADER
fixed length control field 01187cam a2200133 4500500
005 - DATE AND TIME OF LATEST TRANSACTION
control field 20260329023217.0
041 ## - LANGUAGE CODE
Language code of text/sound track or separate title fre
042 ## - AUTHENTICATION CODE
Authentication code dc
100 10 - MAIN ENTRY--PERSONAL NAME
Personal name Surel, Yves
Relator term author
245 00 - TITLE STATEMENT
Title La science politique et ses méthodes
260 ## - PUBLICATION, DISTRIBUTION, ETC.
Name of publisher, distributor, etc. Armand Colin,<br/>
Date of publication, distribution, etc. 2015.<br/>
520 ## - SUMMARY, ETC.
Summary, etc. Ce manuel offre aux étudiants une introduction aux caractéristiques de la science politique comme discipline scientifique. Il souligne la variété des trajectoires historiques empruntées par la discipline et présente la diversité des approches et des méthodes en usage, comme par exemple les différences entre positivisme et interprétativisme. L’auteur développe les étapes et les dilemmes auxquels sont confrontés ceux qui souhaitent « faire de la science politique », en insistant sur plusieurs opérations essentielles (construction de l’objet, élaboration des hypothèses, tests empiriques etc.). Il liste enfin des questions et des outils méthodologiques autour de la division traditionnelle entre méthodes qualitatives et méthodes quantitatives.
856 41 - ELECTRONIC LOCATION AND ACCESS
Uniform Resource Identifier <a href="https://shs.cairn.info/la-science-politique-et-ses-methodes--9782200246082?lang=fr&redirect-ssocas=7080">https://shs.cairn.info/la-science-politique-et-ses-methodes--9782200246082?lang=fr&redirect-ssocas=7080</a>

Pas d'exemplaire disponible.

PLUDOC

PLUDOC est la plateforme unique et centralisée de gestion des bibliothèques physiques et numériques de Guinée administré par le CEDUST. Elle est la plus grande base de données de ressources documentaires pour les Étudiants, Enseignants chercheurs et Chercheurs de Guinée.

Adresse

627 919 101/664 919 101

25 boulevard du commerce
Kaloum, Conakry, Guinée

Réseaux sociaux

Powered by Netsen Group @ 2025